La cuestión Armenia en nueve preguntas y respuestas

Gardado en:
Detalles Bibliográficos
Formato: Libro
Idioma:Lingua castelá
Publicado: Ankara Instituto de Política Extranjera 1982
Subjects:
Tags: Engadir etiqueta
Sen Etiquetas, Sexa o primeiro en etiquetar este rexistro!

MARC

LEADER 00000nam a2200000 a 4500
001 UCX4661
003 CL-VaPUC
008 920701e19820000TU |||||||||||||||||spa|d
082 0 4 |a 956.6  |b CUE  |2 21 
245 1 3 |a La cuestión Armenia en nueve preguntas y respuestas 
300 |a 47 p 
942 |c BK 
945 |d 19920701 00:00:00 
260 |a Ankara  |b Instituto de Política Extranjera  |c 1982 
650 0 |a Terrorismo   |9 255070 
650 7 |a DELITOS POLITICOS  |2 CL-VaPUC  |9 256092 
650 7 |a CUESTION ARMENIA  |2 CL-VaPUC  |9 320912 
651 7 |a ARMENIA  |2 CL-VaPUC  |9 320913 
583 |a last modification  |c 19920701 00:00:00  |k Rodrigo Vera 
999 |c 225074  |d 225072 
952 |0 0  |1 0  |4 0  |6 956_600000000000000_CUE_1982  |7 0  |8 A  |9 222252  |a BIBHIS  |b BIBHIS  |d 2019-11-15  |i 2910969  |o 956.6 CUE 1982  |p 2910969  |r 2025-01-20  |w 2019-11-15  |y BK  |k HIS